ბათუმის შოთა რუსთაველის სახელმწიფო უნივერსიტეტის ბიბლიოთეკა

Механика грунтов основания и фундаменты. (ბიბ.ჩანაწერი № 40884)

000 -LEADER
fixed length control field 00659nam a2200205Ia 4500
001 - CONTROL NUMBER
control field 7528
003 - CONTROL NUMBER IDENTIFIER
control field GE_BSU
008 - FIXED-LENGTH DATA ELEMENTS--GENERAL INFORMATION
fixed length control field 181216s||||||||xx |||||||||||||| ||und||
040 ## - CATALOGING SOURCE
Transcribing agency GE_BSU
080 ## - UNIVERSAL DECIMAL CLASSIFICATION NUMBER
Universal Decimal Classification number 624.15
100 ## - MAIN ENTRY--PERSONAL NAME
Personal name Зурнаджи,В.А. Николаев,В.В.
245 ## - TITLE STATEMENT
Title Механика грунтов основания и фундаменты.
245 ## - TITLE STATEMENT
Statement of responsibility, etc. Ред. А.П.Мартынов.
260 ## - PUBLICATION, DISTRIBUTION, ETC.
Place of publication, distribution, etc. М.
260 ## - PUBLICATION, DISTRIBUTION, ETC.
Name of publisher, distributor, etc. Высш. школа.
300 ## - PHYSICAL DESCRIPTION
Extent 415стр.22см. 264 илл. 24 библиогр.
300 ## - PHYSICAL DESCRIPTION
Accompanying material 65 табл.
653 ## - INDEX TERM--UNCONTROLLED
Uncontrolled term Механика грунтов основания и фундаменты.
942 ## - ADDED ENTRY ELEMENTS (KOHA)
Koha item type წიგნი
ეგზემპლარები
Withdrawn status Lost status Damaged status Not for loan Date acquired Barcode Date last seen Price effective from Koha item type
        2018-12-17 10003 2018-12-17 2018-12-17 წიგნი